Strategi menjawab ekonomi 3 (Siri 2)

Bibliographic Details
Main Author: Wan Mukhtar Wan Abdul Kadir
Format: Book
Published: Kuala Lumpur : Nurin Enterprise , 1991
Series:Siri 2
Subjects:

MARC

LEADER 00000cam a2200000 7i4500
001 0000000003
002 000000007
005 20000330.0
090 0 0 |a 330.7   |b WAN 
100 0 |a Wan Mukhtar Wan Abdul Kadir 
245 1 0 |a Strategi menjawab ekonomi 3 (Siri 2)   |c Wan Mukhtar Wan Abdul Kadir 
260 |a Kuala Lumpur :   |b Nurin Enterprise ,   |c 1991 
300 |a 302 p 
490 0 |a Siri 2 
650 0 0 |a Economics   |x STPM 
740 0 |a Strategi menjawab ekonomi 3 
999 |a 027880   |b BUKU   |c PINJAMAN   |e PERPUSTAKAAN KOMUNITI PETALING JAYA 
999 |a 027881   |b BUKU   |c PINJAMAN   |e PERPUSTAKAAN KOMUNITI PETALING JAYA